[Event "Amsterdam ACT op 2nd"]
[Site "Amsterdam"]
[Date "2005.07.23"]
[Round "8"]
[White "Markus, John Raymond"]
[Black "Odink, Karel"]
[Result "0-1"]
[WhiteElo "2227"]
[BlackElo "2198"]
[PlyCount "130"]
[EventDate "2005.07.16"]
[EventType "swiss"]
[EventRounds "9"]
[EventCountry "NED"]
[SourceTitle "CBM 107 Extra"]
[Source "ChessBase"]
[SourceDate "2005.09.01"]
[SourceVersion "1"]
[SourceVersionDate "2005.09.01"]
[SourceQuality "1"]

1. d4 Nf6 2. c4 c5 3. d5 b5 4. Nf3 g6 5. Nbd2 Bg7 6. e4 d6 7. Bd3 0-0 8. 0-0 bxc4 9. Nxc4 e6 10. dxe6 Bxe6 11. e5 dxe5 12. Nfxe5 Qd5 13. Qc2 Nc6 14. Nxc6 Qxc6 15. Bf4 Rad8 16. Be5 Rfe8 17. Rfe1 Bd5 18. f3 Re6 19. Bg3 Nh5 20. Rxe6 Bxe6 21. Bf2 Nf4 22. Bf1 Bf5 23. Na5 Qc7 24. Qxc5 Qxc5 25. Bxc5 Bxb2 26. Re1 Ne6 27. Nc6 Rd7 28. Ne7+ Kg7 29. Nxf5+ gxf5 30. Bf2 Bd4 31. Bc4 Nf4 32. Bxd4+ Rxd4 33. Bb3 Rd2 34. Re7 Rxg2+ 35. Kf1 Rxh2 36. Rxf7+ Kg6 37. Rxa7 Rb2 38. Bg8 h5 39. Bh7+ Kg5 40. Ra5 Rb1+ 41. Kf2 Rb2+ 42. Ke3 Re2+ 43. Kd4 Ne6+ 44. Kd3 Nf4+ 45. Kc4 Ng6 46. Kd3 Re7 47. Bxg6 Kxg6 48. Rc5 h4 49. Rc2 Kg5 50. Rh2 Ra7 51. Kc4 Ra3 52. Kb4 Rxf3 53. a4 Rf1 54. Ra2 h3 55. a5 Rf4+ 56. Kc3 Rh4 57. a6 h2 58. Rg2+ Kf6 59. a7 h1Q 60. a8Q Qc1+ 61. Kd3 Qb1+ 62. Kc3 Qb4+ 63. Kd3 Rh3+ 64. Kc2 Qb3+ 65. Kd2 Qb2+ 0-1

[Event "Amsterdam ACT op 2nd"]
[Site "Amsterdam"]
[Date "2005.07.18"]
[Round "3"]
[White "Doggers, Peter"]
[Black "Odink, Karel"]
[Result "1-0"]
[WhiteElo "2249"]
[BlackElo "2198"]
[PlyCount "85"]
[EventDate "2005.07.16"]
[EventType "swiss"]
[EventRounds "9"]
[EventCountry "NED"]
[SourceTitle "CBM 107 Extra"]
[Source "ChessBase"]
[SourceDate "2005.09.01"]
[SourceVersion "1"]
[SourceVersionDate "2005.09.01"]
[SourceQuality "1"]

1. e4 d6 2. d4 Nf6 3. Nc3 e5 4. Nf3 Nbd7 5. Bc4 Be7 6. 0-0 0-0 7. Re1 c6 8. a4 b6 9. d5 cxd5 10. Nxd5 Bb7 11. b3 Nxd5 12. Bxd5 Qc7 13. Bxb7 Qxb7 14. Ba3 Nf6 15. Qe2 g6 16. Rad1 Rad8 17. c4 Nh5 18. Bc1 Rfe8 19. Bh6 Bf8 20. Bc1 Ng7 21. Rd5 f5 22. Red1 Ne6 23. Qc2 f4 24. Ba3 Qc6 25. h3 a6 26. Qe2 Be7 27. Kh2 Qc7 28. c5 bxc5 29. Qxa6 Nd4 30. Qc4 Kg7 31. Nxd4 exd4 32. R5xd4 Bf6 33. Rd5 Qe7 34. f3 Be5 35. b4 cxb4 36. Bxb4 Rc8 37. Qd3 Qa7 38. a5 Qf2 39. Bxd6 Rc2 40. Rg1 Bf6 41. Bxf4 Rc3 42. Rd7+ Kh8 43. Qd6 1-0